ბათუმის შოთა რუსთაველის სახელმწიფო უნივერსიტეტის ბიბლიოთეკა

გერმანულ - ქართული ლექსიკონი A-K ტ.1 / (ბიბ.ჩანაწერი № 38621)

000 -ლიდერი
ფიქსირებული სიგრძის საკონტროლო ველი 00958nam a2200229Ia 4500
001 - საკონტროლო ნომერი
საკონტროლო ველი 4802
003 - საკონტროლო ნომრის იდენტიფიკატორი
საკონტროლო ველი GE_BSU
005 - ბოლო ოპერაციის თარიღი და დრო
საკონტროლო ველი 20190807144852.0
008 - ფიქსირებული სიგრძის მონაცემთა ელემენტები - ზოგადი ინფორმაცია
ფიქსირებული სიგრძის საკონტროლო ველი 181216s||||||||ge |||||||||||||| ||geo||
020 ## - წიგნის საერთაშორისო სტანდარტული ნომერი
International Standard Book Number 9789994097654
040 ## - კატალოგიზაციის წყარო
Transcribing agency GE_BSU
041 ## - ენის კოდი
Language code of text/sound track or separate title geo
080 ## - უნივერსალური ათობითი კლასიფიკაციის ინდექსი
Universal Decimal Classification number 81'374.822 =112.2 = 353.1 გ-36
245 ## - ცნობა სათაურის შესახებ
Title გერმანულ - ქართული ლექსიკონი A-K ტ.1 /
Statement of responsibility, etc შეადგინა გრ. თარაშვილმა ; რედ. ც. სუქნიძე.
264 ## - წარმოების, გამოცემის, დისტრიბუციის და სხვა ცნობები
გამოცემის, წარმოების, დისტრიბუციის... ადგილი თბილისი :
გამოცემის, წარმოების, დისტრიბუციის... სახელწოდება ლეგა ;
გამოცემის, წარმოების, დისტრიბუციის... თარიღი 2008.
300 ## - ფიზიკური აღწერა
Extent 633 გვ. ;
Dimensions 22 სმ.
653 ## - INDEX TERM--UNCONTROLLED
Uncontrolled term გერმანულ-ქართული ლექსიკონი
700 ## - ADDED ENTRY--PERSONAL NAME
Personal name თარაშვილმა, გრ.
Relator term შემდგენელი
9 (RLIN) 3440
700 ## - ADDED ENTRY--PERSONAL NAME
Personal name სუქნიძე, ც.
Relator term რედაქტორი
9 (RLIN) 3441
942 ## - ADDED ENTRY ELEMENTS (KOHA)
Koha item type წიგნი
Source of classification or shelving scheme
ეგზემპლარები
ჩამოწერის სტატუსი დაკარგული ეგზემპლარის სტატუსი კლასიფიკაციის წყარო ან თაროზე გაწყობის სქემა დაზიანების სტატუსი არ გაიცემა მუდმივი მდებარეობა (დაცვის ადგილი) ამჟამინდელი ადგილსამყოფელი თაროზე განთავსების ადგილი შეძენის თარიღი ღირებულება, შესყიდვის ნორმალური ფასი სრული შენახვის შიფრი შტრიხკოდი ბოლო ოპერაციის თარიღი ეგზემპლარის მიმდევრობითი ნომერი (კეტერი?) ფასის ძალაში შესვლის თარიღი ეგზემპლარის სახეობა საჯარო შენიშვნა
          ბათუმის შოთა რუსთაველის სახელმწიფო უნივერსიტეტის მთავარი ბიბლიოთეკა ბათუმის შოთა რუსთაველის სახელმწიფო უნივერსიტეტის მთავარი ბიბლიოთეკა წიგნსაცავი 2018-12-17 45.00 81'374.822 =112.2 = 353.1 გ-36 13164 2018-12-17 13164 2018-12-17 წიგნი 45 ლ.( ორივე ტომის)